000 00591nam a2200205 i 4500
001 18135
003 ES-MaACL
005 20230906151751.0
007 t|
008 010823s2001 sp ||||1| spa d
020 _a84-7901-729-5
080 _a821.133.1(64)-31"19"
100 1 _aBen Jelloun, Tahar.
_927410
245 1 0 _aSufrían por la luz /
_cTahar Ben Jelloun ; traducción de Manuel Serrat Crespo.
250 _a1ª ed.
260 _aBarcelona :
_bRBA,
_c2001.
300 _a191 p. ;
_c24 cm.
700 1 _aSerrat Crespo, Manuel.
_9105816
852 _aES-MaACL
_jL-24878
_bR.130140
999 _c18135
_d18135